[Event "?"]
[Site "Ciego de Avila"]
[Date "2010.01.19"]
[Round "7"]
[White "Bruzon Batista, Lazaro"]
[Black "Arencibia Rodriguez, Walter"]
[Result "1-0"]
[WhiteElo "2615"]
[BlackElo "2499"]
[PlyCount "79"]
[EventDate "2010.01.12"]
[EventCountry "CUB"]

1. c4 {Ribli} e5 2. Nc3 Nc6 3. Nf3 Nf6 4. g3 Bc5 5. Nxe5 ({RR} 5. Bg2 d6 6. d3
h6 7. O-O O-O 8. a3 a5 9. e3 ({RR} 9. b3 Nd4 10. Ne1 ({RR} 10. Bb2) 10... c6
11. e3 Nf5 12. Ne4 Bb6 13. Bb2 Nxe4 14. dxe4 Ne7 15. a4 Be6 16. Nd3 f6 17. Ba3
Ng6 18. Qe2 Qe7 19. Kh1 Rfd8 20. f4) 9... Bf5 ({RR} 9... Bb6 10. b3 Bf5 11. h3
Qd7 12. Kh2 Rae8 13. Bb2 Bh7 14. Qd2 e4 15. dxe4 Nxe4 16. Nxe4 Bxe4) 10. b3 Ba7
11. Bb2 Qd7 12. Rc1 Bh3 13. d4 Bxg2 14. Kxg2 exd4 15. exd4 Ne7 16. d5 Nh7 17.
Qd3 Ng6 18. Rce1 Rfe8 19. Nb5 Bb6) 5... Bxf2+ ({RR} 5... Nxe5 6. d4 Bd6 ({RR} 
6... Qe7 7. dxe5 Ng4 8. e3 Nxe5 9. Bg2 Nxc4 10. Nd5) 7. dxe5 ({RR} 7. c5 Qe7 8.
dxe5 ({RR} 8. cxd6 Nf3#) 8... Bxe5) 7... Bxe5 8. Bg2) 6. Kxf2 Nxe5 7. e4 ({RR} 
7. b3 d5 8. d4 Nc6 9. h3 O-O 10. Bg2 dxc4 11. d5 Ne5 12. Qd4 Nfd7 13. Bf4 Qf6
14. Rhd1 Nd3+ 15. Rxd3 cxd3 16. Qxf6 Nxf6 17. e4 c6 18. d6 Be6 19. Rd1) 7... c5
8. d3 ({RR} 8. d4 cxd4 9. Qxd4 O-O 10. Bf4 ({RR} 10. Qxe5 Ng4+) 10... d6 11. h3
Be6 12. Be2 Qc8 13. Rac1 Bxh3 14. Nd5 Qe6 ({RR} 14... Nxd5 15. cxd5 Qd7 16.
Bxe5 dxe5 17. Qxe5) 15. Nc7 Qe7 16. Nxa8 Nc6 17. Qe3 Nxe4+ 18. Kf3 ({RR} 18.
Kg1 Bf5 19. c5) ({RR} 18. Ke1) 18... Bf5 ({RR} 18... Ne5+ 19. Bxe5 Qxe5 20. Nc7
({RR} 20. Qxe4 Bg2+ 21. Kxg2 Qxe4+ 22. Bf3 Qe7) 20... Rc8 21. Nd5 Qxg3+ 22.
Kxe4 Re8+ 23. Kd3 Rxe3+ 24. Nxe3 Bf5+ 25. Kd2) 19. Bd3 Re8 20. Rhe1 ({RR} 20.
g4) 20... Qd8 21. Kg2 ({RR} 21. Qg1 Ne5+ 22. Bxe5 Ng5+ 23. Kg2 Bxd3) 21... Qxa8
22. Qf3 Nd4 {
Ivanchuk,V (2714)-Anand,V (2784)/Wijk aan Zee 1999/CBM 069/[Ribli]/1/2-1/2})
8... d6 9. h3 O-O ({RR} 9... h5 10. Be2 Nh7 11. Kg2 h4 12. g4 Ng5 13. Be3) 10.
Bg2 ({RR} 10. Kg2 Bd7 11. Bf4 Bc6 12. Be2 Ne8 13. Qd2 Nc7 14. b4 cxb4 15. Nd5
a5 16. a3 bxa3 17. Rxa3 b5 18. Rha1 a4 19. cxb5 Nxb5 20. Rxa4 Rxa4 21. Rxa4 Nc7
22. Ra5 Ne6 23. Be3 h6) ({RR} 10. Be2 Ne8 ({RR} 10... Be6 11. Kg2 Nfd7 12. d4
cxd4 13. Qxd4 Qc7 14. b3 Rad8 15. Nb5 Qa5 16. Bd2 Qa6 17. Bg5) 11. Kg2 Nc7)
10... Ne8 $146 ({RR} 10... Nfd7 11. Rf1 Nc6 12. Be3 Nde5 13. a3 a6 14. Qd2 b5
15. cxb5 axb5 16. Nxb5 Ba6 17. a4 Rb8 18. Kg1 Bxb5 19. axb5 Rxb5 20. d4 Nc4 21.
Qe2 Nxe3 22. Qxb5 Nxd4 23. Qa6 Nxf1 24. Rxf1 Qe7 25. b4 {
Wirthensohn,H-Friedgood,D/Caorle 1972/EXT 2001/0-1 (31)}) ({RR} 10... a6 11.
Rf1 b5 12. Kg1 h6 13. b3 Be6 14. Be3 Nh7 15. Kh2 Qd7 16. Qd2 f6 17. Ne2 Ng5 18.
Nf4 Rfe8 19. Rad1 Bf7 20. Rf2 a5 21. cxb5 Qxb5 22. Ne2 Qb4 23. d4 Qxd2 24. Rxd2
cxd4 25. Nxd4 {Garcia Palermo,C (2385)-Dzindzichashvili,R (2550)/Buenos Aires
1978/MCD/1/2-1/2 (41)}) 11. Rf1 Nc7 12. Kg1 Bd7 13. Be3 b5 14. b3 Ne6 15. Kh2
b4 16. Ne2 a5 17. d4 cxd4 18. Nxd4 Nxd4 19. Qxd4 Ra6 20. c5 Bb5 21. Rf5 f6 22.
Rd1 Nf7 23. cxd6 Rxd6 24. Rd5 Rxd5 25. exd5 Re8 26. Qc5 Qd7 27. Rd2 Nd6 28. Qa7
Ne4 29. Qxd7 Bxd7 30. Rc2 Nc3 31. Bb6 a4 32. bxa4 Bxa4 33. Rb2 Bd7 34. Ba5 Nd1
35. Rxb4 Ra8 36. Bb6 Rxa2 37. Bd4 Nf2 38. Rb7 Bf5 39. d6 Nxh3 40. Bb2 1-0

[Event "?"]
[Site "Ciego de Avila"]
[Date "2010.01.19"]
[Round "?"]
[White "Almeida Quintana, Omar"]
[Black "Gomez Garrido, Camilo"]
[Result "1-0"]
[WhiteElo "2538"]
[BlackElo "2497"]
[PlyCount "125"]
[EventDate "2010.01.12"]
[EventCountry "CUB"]

1. d4 d5 2. c4 c6 3. Nf3 Nf6 4. Nc3 a6 5. Ne5 Nbd7 6. Bf4 e6 7. e3 Nxe5 8. Bxe5
Bd6 9. Bxd6 Qxd6 10. c5 Qe7 11. f4 Nd7 $146 ({RR} 11... O-O 12. Bd3 b6 13. cxb6
({RR} 13. Na4 Nd7 14. Rc1 b5 15. Nc3 f6 16. O-O e5 17. Qb3 Kh8 18. Rfe1 e4 19.
Bf1 a5 20. Bxb5 Rb8 21. Qa3 cxb5 22. Qxa5 Qe6 23. Nxb5 Bb7 24. Nd6 f5 25. Rc2
Ra8 26. Qd2 Bc6 27. b4 Rfb8 {
Sitnik,I (2255)-Bukal,V (2400)/Zagreb 1998/CBM 062 ext/1-0 (36)}) 13... c5 14.
O-O cxd4 15. exd4 Qb4 16. Rf2 Bd7 17. Rc1 g6 18. Bb1 Rac8 19. Qd2 Qxb6 20. h3
Rc4 21. Rd1 Rfc8 22. Qe3 Ba4 23. Nxa4 Rxa4 24. b3 Rb4 25. g4 Qb8 26. f5 {
Gavrikov,V (2600)-Nikolic,P (2655)/Horgen 1994/CBM 043/0-1 (46)}) ({RR} 11...
b6 12. cxb6 Qb4 13. Qb3 a5 14. Bd3 Nd7 15. O-O Nxb6 {
1/2-1/2 Ruck,R (2485)-Bukal,V (2390)/Austria 2000/EXT 2002}) 12. Bd3 O-O 13.
O-O f6 14. Kh1 e5 15. f5 a5 16. Na4 Re8 17. Qd2 e4 18. Be2 Nf8 19. Bg4 Rd8 20.
a3 Bd7 21. b4 axb4 22. axb4 g6 23. Qf2 h5 24. Be2 Bxf5 25. Bxh5 b5 26. cxb6
Qxb4 27. Qc2 gxh5 28. Rxf5 Qxb6 29. Rxf6 Qb4 30. Qxc6 Rac8 31. Rg6+ Nxg6 32.
Qxg6+ Kh8 33. Nc5 Qc3 34. Qh6+ Kg8 35. Rf1 Qc4 36. Qg6+ Kh8 37. Qxh5+ Kg8 38.
Qf7+ Kh8 39. Ne6 Rd7 40. Qf6+ Kg8 41. h3 Qa6 42. Qg6+ Kh8 43. Qh6+ Kg8 44. Rf8+
Rxf8 45. Qxf8+ Kh7 46. Ng5+ Kg6 47. Qe8+ Kxg5 48. Qxd7 Qc4 49. Qg7+ Kh5 50. Kh2
Qe2 51. Qe5+ Kh4 52. Qf4+ Kh5 53. h4 Kg6 54. Qg5+ Kh7 55. Kg3 Qc4 56. Kf4 Qc7+
57. Kf5 Qd6 58. g3 Qc7 59. Qg6+ Kh8 60. Qe8+ Kh7 61. h5 Qc1 62. Qf7+ Kh8 63.
Kg6 1-0

[Event "?"]
[Site "Ciego de Avila"]
[Date "2010.01.19"]
[Round "?"]
[White "Ortiz Suarez, Isan Reynaldo"]
[Black "Nogueiras Santiago, Jesus"]
[Result "0-1"]
[WhiteElo "2523"]
[BlackElo "2570"]
[PlyCount "60"]
[EventDate "2010.01.12"]
[EventCountry "CUB"]

1. d4 {Chekhov} d5 2. c4 c6 3. Nc3 Nf6 4. e3 g6 5. Nf3 Bg7 6. Bd3 O-O 7. O-O
Bg4 8. h3 Bxf3 9. Qxf3 e6 10. Rd1 Nbd7 11. e4 ({RR} 11. a3 Re8 12. Qe2 Qe7 ({RR
} 12... e5 13. dxe5 ({RR} 13. cxd5 exd4 14. dxc6 bxc6) 13... Nxe5 14. cxd5 cxd5
15. Bb5) 13. Bd2 a6 14. Rac1 e5 ({RR} 14... Rac8) ({RR} 14... b5) 15. cxd5 cxd5
({RR} 15... e4 16. Bc4) ({RR} 15... exd4 16. dxc6 bxc6 17. exd4) 16. dxe5 Qxe5
({RR} 16... Nxe5 17. Bb1 Nc6 18. Qd3 Rad8 19. Ne2 Ne4) 17. Be1 Nc5 18. Bb1 ({RR
} 18. Bc2) 18... Nb3 19. Rc2 d4 20. exd4 Nxd4 21. Qxe5 Rxe5 22. Rcd2 Rae8 23.
Kf1 Nc6 24. f4 Ra5 ({RR} 24... R5e7 25. Bh4) 25. Bf2 Nh5 {
Romanishin,O (2590)-Beliavsky,A (2615)/Frunze 1981/URS-ch/[Chekhov]/1-0 (41)} {
RR} 26. Bb6 Bxc3) ({RR} 11. Qe2 Re8 12. b3 e5 13. dxe5 Nxe5 14. Bb2 d4 15. Bc2
c5 16. exd4 Nc6) ({RR} 11. Bd2 dxc4 12. Bxc4 e5 13. Be1 exd4 14. exd4 Nb6)
11... e5 ({RR} 11... dxe4 12. Bxe4 Qb6 13. Bf4 Rfe8 14. c5 Qd8 15. b4 Nd5 16.
Bd6 a6 17. Rab1 Qh4 18. Bg3 Qg5 19. a4 N7f6 20. Bxd5 exd5 21. Be5 Nh5 22. Bxg7
Nxg7 23. g3 Nf5 24. Kh2 Re6 25. h4 Qh6 26. Kg2 {Diaz Ordonez,C (2347)-Martinez,
L (2485)/Santiago de Cuba CUB 2009/The Week in Chess 762/1/2-1/2 (66)}) 12. Be3
Nh5 $146 ({RR} 12... dxe4 13. Bxe4 ({RR} 13. Nxe4 Nxe4 14. Bxe4 f5 15. dxe5
fxe4 16. Qg4 Nxe5 17. Qe6+ Kh8 18. Rxd8 Raxd8 19. c5 Rd5 20. Qe7 Rf7 21. Qh4
Nc4 22. Qxe4 Nxe3 23. fxe3 Re5 24. Qg4 Bh6 25. Re1 Rfe7 26. e4 Bd2 27. Rf1 Be3+
{Banawa,J (2319)-Kretchetov,A (2326)/Santa Monica 2005/CBM 105 ext/1-0 (34)})
13... Nxe4 14. Nxe4 f5 15. Nd6 f4 16. Bd2 exd4 17. Nxb7 Qc7 18. Na5 Ne5 19. Qe4
f3 20. g3 Qd7 21. Kh2 Rae8 22. Re1 h5 23. Qh4 Nd3 24. b4 Re2 25. Rxe2 fxe2 26.
Be1 Bf6 27. g4 {
Kaminik,A (2256)-Klundt,K (2353)/Bad Zwischenahn 2008/EXT 2009/0-1}) ({RR} 
12... c5 13. Nxd5 Nxd5 14. cxd5 cxd4 15. Bd2 Nb6 16. Rdc1 Nc8 17. Qd1 Nd6 18.
Bb4 Bh6 19. Rc2 Qd7 20. Qg4 Rfd8 21. a4 Qxg4 22. hxg4 Rac8 23. Rxc8 Nxc8 24.
Ba5 Nb6 25. Kf1 Rc8 26. b3 Bf8 27. Bd2 {Vidarte Morales,A (2380)-Elguezabal
Varela,D (2400)/Barcelona 2000/CBM 077 ext/1-0 (59)}) 13. Be2 dxe4 14. Qxe4 f5
15. Qc2 f4 16. Bc1 f3 17. Bxf3 Rxf3 18. gxf3 exd4 19. Qe2 Nc5 20. Ne4 Ne6 21.
Ng3 Nhf4 22. Qe4 Ng5 23. Bxf4 Nxe4 24. fxe4 Qh4 25. Bd6 Qxh3 26. e5 Qg4 27. Re1
h5 28. Re4 Qg5 29. Kh2 h4 30. Ne2 Qf5 0-1

[Event "?"]
[Site "Ciego de Avila"]
[Date "2010.01.19"]
[Round "?"]
[White "Delgado Ramirez, Neuris"]
[Black "Martinez Duany, Lelys Stanley"]
[Result "0-1"]
[WhiteElo "2595"]
[BlackElo "2506"]
[PlyCount "90"]
[EventDate "2010.01.12"]
[EventCountry "CUB"]

1. e4 c5 2. Nf3 Nc6 3. Bb5 g6 4. O-O Bg7 5. Re1 Nf6 6. e5 Nd5 7. Nc3 Nc7 8.
Bxc6 dxc6 9. Ne4 Ne6 10. d3 h6 11. Be3 b6 12. Qd2 ({RR} 12. Qc1 g5 13. h3 Rg8
14. Bd2 Bh8 15. Ng3 Rg6 16. h4 Nd4 17. hxg5 Nxf3+ 18. gxf3 hxg5 19. Bxg5 Be6
20. Qf4 Qd7 21. Qh4 O-O-O 22. Bxe7 Rdg8 23. Bf6 Bxf6 24. exf6 Qd8 25. Re5 Rxf6
26. Rae1 Rgg6 {Timman,J (2565)-Kotronias,V (2611)/Malmö 2008/CBM 124/1-0 (46)})
({RR} 12. Ng3 Nd4 13. h4 Qd5 14. Bxd4 cxd4 15. Re4 c5 16. Qd2 Bb7 17. h5 Qe6
18. Re2 g5 19. Rae1 a5 20. a3 a4 21. Nh2 Qd5 22. f4 O-O-O 23. f5 e6 24. Ng4
Rhe8 25. f6 Bf8 26. Ne4 Kb8 {Leconte,M (2334)-Genzling,A (2317)/Chalons en
Champagne FRA 2009/The Week in Chess 756/0-1 (47)}) 12... g5 13. h3 Rg8 14. Ng3
Bh8 $146 ({RR} 14... Qc7 15. Qc3 Bh8 16. b4 cxb4 17. Qxb4 c5 18. Qe4 Bb7 19.
Qg4 Rg6 20. Bd2 Rd8 21. Bc3 Nf4 22. Ne4 Bd5 23. Qg3 Kf8 24. h4 Nxg2 25. hxg5
Nxe1 26. Rxe1 Qc6 27. Kf1 Qe6 28. Qf4 Qh3+ 29. Ke2 {
Karlovich,A (2207)-Kotronias,V (2612)/Kavala 2007/CBM 119 ext/0-1 (68)}) 15. b4
cxb4 16. Qxb4 Rg6 17. a4 c5 18. Qe4 Rb8 19. a5 Bb7 20. Qg4 b5 21. Ne4 Qc7 22.
a6 Bc8 23. Qg3 Rb6 24. Ra5 Rb8 25. Bd2 Kf8 26. h4 g4 27. h5 Rg8 28. Bxh6+ Bg7
29. Bxg7+ Nxg7 30. Raa1 Nf5 31. Qf4 gxf3 32. g4 Rb6 33. Ng5 Rh6 34. Kf1 f6 35.
Nf7 Rxg4 36. Qxg4 Ne3+ 37. Rxe3 Bxg4 38. Nxh6 Bh3+ 39. Kg1 Kg7 40. Rae1 Kxh6
41. Rxf3 Bg4 42. Rg3 f5 43. f3 Bxh5 44. Kf2 Qa5 45. Re2 Qxa6 0-1

[Event "?"]
[Site "Ciego de Avila"]
[Date "2010.01.19"]
[Round "?"]
[White "Jimenez Fraga, Pedro Alejandro"]
[Black "Quesada Perez, Yasser"]
[Result "1/2-1/2"]
[WhiteElo "2453"]
[BlackElo "2401"]
[PlyCount "20"]
[EventDate "2010.01.12"]
[EventCountry "CUB"]

1. e4 c5 2. Nf3 d6 3. d4 cxd4 4. Nxd4 Nf6 5. Nc3 a6 6. Bc4 e6 7. a3 Be7 8. O-O
Qc7 ({RR} 8... b5 9. Ba2 Bb7 10. Bxe6 fxe6 11. Nxe6 Qd7 12. Nxg7+ Kd8 13. Qd4
Rg8 14. Nf5 Nxe4 15. Qb6+ Kc8 16. Nxe7+ Qxe7 17. Nxe4 Qxe4 18. f3 Qe2 19. Qf2
Qxf2+ 20. Kxf2 Nd7 21. Bf4 Kc7 22. Rad1 Ne5 23. Rfe1 {Crespo,E (2004)
-Cristobal,M (2145)/Mar del Plata ARG 2009/The Week in Chess 754/0-1 (44)}) 9.
Ba2 Nc6 10. Be3 O-O $146 ({RR} 10... Ne5 11. h3 Nc4 12. Bxc4 Qxc4 13. f4 O-O
14. Qf3 e5 15. fxe5 dxe5 16. Nf5 Bc5 17. Nxg7 Bxe3+ 18. Qxe3 Qd4 19. Qxd4 exd4
20. Rxf6 Kxg7 21. Nd5 Be6 22. Raf1 Rac8 23. R6f2 Bxd5 24. exd5 Rc5 25. Rd1 {
Plachetka,J (2435)-Baramidze,D (2543)/Germany 2005/EXT 2006/1/2-1/2 (35)})
1/2-1/2

[Event "?"]
[Site "Ciego de Avila"]
[Date "2010.01.19"]
[Round "?"]
[White "Corrales Jimenez, Fidel"]
[Black "Bacallao Alonso, Yusnel"]
[Result "1-0"]
[WhiteElo "2602"]
[BlackElo "2512"]
[PlyCount "57"]
[EventDate "2010.01.12"]
[EventCountry "CUB"]

1. e4 c5 2. Nf3 d6 3. d4 cxd4 4. Nxd4 Nf6 5. Nc3 a6 6. Bg5 e6 7. f4 Nbd7 8. Qf3
Qc7 9. O-O-O b5 10. Bd3 Bb7 11. Rhe1 Qb6 12. Nb3 Rc8 13. Kb1 Rxc3 14. bxc3 Qc7
15. Qe3 Nb6 16. Bxf6 gxf6 17. Be2 $146 ({RR} 17. Bf1 Na4 18. Rd3 Bg7 19. Qd4
Ke7 20. Qb4 Rc8 21. Ree3 Bh6 22. e5 fxe5 23. fxe5 Ke8 24. exd6 Qd7 25. Rg3 Rc4
26. Rg8+ Bf8 27. Qa5 Re4 28. Rd1 Re3 29. Bd3 Re5 30. c4 Qxd6 31. Be2 Rd5 {
Aijala,J (2157)-Tonteri,A (1984)/Jyvaskyla 2008/CBM 125 Extra/1-0 (38)}) 17...
Na4 18. Rd3 Be7 19. f5 e5 20. Bh5 Rf8 21. h4 Kd7 22. g4 Kc8 23. g5 d5 24. exd5
Bd6 25. Bf3 e4 26. Bxe4 Re8 27. g6 Kb8 28. gxh7 Rh8 29. Rg1 1-0

[Event "?"]
[Site "Ciego de Avila"]
[Date "2010.01.19"]
[Round "?"]
[White "Gonzalez Vidal, Yuri"]
[Black "Hernandez Carmenates, Holden"]
[Result "0-1"]
[WhiteElo "2523"]
[BlackElo "2567"]
[PlyCount "94"]
[EventDate "2010.01.12"]
[EventCountry "CUB"]

1. e4 {Ftacnik} c5 2. Nf3 d6 3. d4 cxd4 4. Nxd4 Nf6 5. Nc3 a6 6. Be2 e6 7. Be3
Nbd7 8. g4 Nc5 ({RR} 8... h6 9. f4 ({RR} 9. h4 b5 10. a4 b4 11. Nc6 Qc7 12.
Nxb4 d5 13. Nbxd5 exd5 14. Nxd5 Nxd5 15. exd5 Bc5 16. Qd2 Bxe3 17. Qxe3+ Qe5
18. O-O-O Qxe3+ 19. fxe3 O-O 20. Rd4 Re8 21. Kd2 Nc5 22. Bf3 Rb8 23. Rb1 a5 {
Csiba,D (2377)-Raykhman,A (2297)/Triesen LIE 2009/The Week in Chess 759/1/2-1/
2 (46)}) 9... g6 10. f5 Ne5 11. h3 ({RR} 11. fxe6 fxe6 12. g5 hxg5 13. Bxg5)
11... b5 12. a3 Qe7 13. Qd2 Bb7 14. fxe6 fxe6 15. O-O-O Rc8 ({RR} 15... Nxe4
16. Nxe4 Bxe4 17. Rhf1) 16. Rhf1 Bg7 17. g5 hxg5 18. Bxg5 Nf7 ({RR} 18... Rxc3
19. bxc3 ({RR} 19. Qxc3 Nxe4 20. Bxe7 Bh6+ 21. Kb1 Nxc3+ 22. bxc3 Kxe7) 19...
Nxe4 ({RR} 19... Nf7 20. Be3 Nxe4) 20. Bxe7 Nxd2 21. Bf6 Nxf1 22. Bxg7 Rh7 23.
Nxb5 Rxg7 24. Nxd6+ Ke7 25. Bxf1 Bf3 26. Rd4) 19. Kb1 Rc5 ({RR} 19... Rxc3 20.
Bxf6 Bxf6 21. Qxc3) ({RR} 19... Rxh3 20. Bg4 Rhxc3 21. Nxe6 Bh8 ({RR} 21...
Nxg5 22. Qxg5) ({RR} 21... Rxc2 22. Nxg7+ Kf8 23. Ne6+ Kg8 24. Rxf6 Rxd2 ({RR} 
24... Qxf6 25. Bxf6 Rxd2 26. Rxd2) 25. Rxg6+ Kh7 26. Rh1+ Kxg6 27. Bf5#) 22.
bxc3 Nxe4 23. Bxe7 Nxd2+ 24. Rxd2 Kxe7 25. Rh2) 20. Bxf6 Bxf6 21. Bg4 Bc8 ({RR
} 21... Ng5 22. Qe3 Rc4) 22. Qg2 Ne5 23. Nce2 {
Adams,M (2741)-Topalov,V (2757)/Wijk aan Zee 2005/CBM 105/[Ftacnik]/1-0 (41)})
9. Bf3 Qa5 $146 ({RR} 9... Qc7 10. Qd2 Nfd7 11. b4 Ne5 12. Be2 Ncd7 13. O-O Nb6
14. Rad1 Bd7 15. f4 Nec4 16. Bxc4 Nxc4 17. Qe1 Rc8 18. Bc1 Be7 19. g5 Qb6 20.
e5 d5 21. a3 g6 22. Nce2 a5 23. c3 Ba4 24. Rd3 {
Shmirina,E (2069)-Haertig,J/Germany 2003/EXT 2004/0-1 (58)}) ({RR} 9... h6 10.
h4 e5 ({RR} 10... Qc7 11. Qe2 Nfd7 12. b4 Nb3 13. Ndb5 axb5 14. Nxb5 Qb8 15.
cxb3 d5 16. exd5 Bxb4+ 17. Kf1 O-O 18. Qc4 Ne5 19. Qxb4 Nxf3 20. Qxf8+ Kxf8 21.
Bc5+ Kg8 22. Bd6 exd5 23. Bxb8 Rxb8 24. Rd1 Bd7 25. Kg2 {
Jansa,V (2540)-Ljubojevic,L (2615)/Amsterdam 1975/MCL/1/2-1/2 (45)}) 11. Nb3
Be6 12. Qe2 b5 13. O-O-O Nxb3+ 14. axb3 b4 15. Na4 Qc7 16. Nb6 Rb8 17. g5 Nd7
18. Nd5 Bxd5 19. exd5 Nc5 20. Kb1 Rb5 21. gxh6 gxh6 22. Rhg1 Nd7 23. Rg4 Qb7
24. Rc4 {Delchev,A (2661)-Pelerin,M (1932)/Thorigny 2006/EXT 2007/1-0}) 10. Nb3
Qc7 11. g5 Nfd7 12. Bg2 b5 13. a3 Bb7 14. O-O h6 15. Nxc5 dxc5 16. Qh5 g6 17.
Qh3 O-O-O 18. Rad1 Bg7 19. gxh6 Rh7 20. Rd2 Bxh6 21. Bxh6 Rdh8 22. Rfd1 Rxh6
23. Qg3 Qxg3 24. hxg3 Ne5 25. b3 g5 26. f3 f5 27. Re1 f4 28. g4 Rd8 29. Red1
Rxd2 30. Rxd2 Kc7 31. Nd1 Rh3 32. Rf2 Rh8 33. Rd2 Rh3 34. Rf2 Rh7 35. Rd2 a5
36. Nf2 Bc6 37. Rd1 a4 38. Kf1 Rh8 39. Ke2 axb3 40. cxb3 Ra8 41. Ra1 b4 42. a4
c4 43. bxc4 Rxa4 44. Rxa4 Bxa4 45. Nd3 Nxd3 46. Kxd3 Kd6 47. Kd4 e5+ 0-1

[Event "?"]
[Site "Ciego de Avila"]
[Date "2010.01.20"]
[Round "8"]
[White "Quesada Perez, Yuniesky"]
[Black "Nogueiras Santiago, Jesus"]
[Result "1-0"]
[WhiteElo "2565"]
[BlackElo "2570"]
[PlyCount "63"]
[EventDate "2010.01.12"]
[EventCountry "CUB"]

1. e4 e6 2. d4 d5 3. Nc3 Nf6 4. e5 Nfd7 5. f4 c5 6. Nf3 Nc6 7. Be3 a6 8. Qd2 b5
9. dxc5 Bxc5 10. Ne2 O-O ({RR} 10... Qb6 11. Bxc5 Nxc5 12. Ned4 Ne4 13. Qe3 b4
14. Bd3 Bb7 15. O-O O-O 16. Rae1 Nxd4 17. Qxd4 Qxd4+ 18. Nxd4 g6 19. Ra1 a5 20.
a3 Nc5 21. axb4 axb4 22. Kf2 Rfc8 23. g4 b3 24. Ke3 bxc2 25. Rxa8 {
Leko,P (2738)-Gurevich,M (2635)/Elista 2007/CBM 119/1-0 (50)}) 11. Ned4 ({RR} 
11. Bxc5 Nxc5 12. Ned4 Ne4 13. Qe3 Nxd4 14. Qxd4 f6 15. exf6 Qxf6 16. Qxf6 gxf6
17. Bd3 Bb7 18. Bxe4 dxe4 19. Nd4 e5 20. fxe5 fxe5 21. Ne6 Rfc8 22. O-O-O Kf7
23. Rd7+ Kxe6 24. Rxb7 Rg8 25. Rb6+ Kd7 {
Sarrau,J (2229)-Alienkin,A (2402)/Namur BEL 2009/The Week in Chess 766/1/2-1/2}
) 11... Bb7 $146 ({RR} 11... Qb6 12. Be2 Nxd4 13. Bxd4 Bxd4 14. Qxd4 Qxd4 15.
Nxd4 Bb7 16. O-O Rfc8 17. Bd3 Rf8 18. c3 Nc5 19. Bc2 Nd7 20. a4 bxa4 21. Rxa4
Nc5 22. Ra5 Ne4 23. Rfa1 Rfc8 24. Bd3 Nc5 25. Be2 f6 26. Kf2 {
Koepke,C (2296)-Golder,W (1897)/playchess.com INT 2008/CBM 124 Extra/1-0 (41)})
12. Bd3 Qe7 13. O-O-O f6 14. exf6 Rxf6 15. Rhe1 Nb4 16. Kb1 Nxd3 17. Qxd3 Bd6
18. Ng5 g6 19. Bc1 Nc5 20. Qh3 Re8 21. Qh4 Ne4 22. Nxe4 dxe4 23. Nc6 Bxc6 24.
Rxd6 Qxd6 25. Qxf6 Rf8 26. Qc3 b4 27. Qe3 a5 28. b3 a4 29. Qb6 a3 30. Rxe4 Rb8
31. Rxe6 Qxe6 32. Qxb8+ 1-0

[Event "?"]
[Site "Ciego de Avila"]
[Date "2010.01.20"]
[Round "8"]
[White "Martinez Duany, Lelys Stanley"]
[Black "Vera Gonzalez, Quevedo Reynaldo"]
[Result "1/2-1/2"]
[WhiteElo "2506"]
[BlackElo "2499"]
[PlyCount "44"]
[EventDate "2010.01.12"]
[EventCountry "CUB"]

1. e4 c5 2. Nf3 d6 3. d4 cxd4 4. Nxd4 Nf6 5. Nc3 a6 6. Be2 e6 7. O-O Be7 8. f4
O-O 9. Be3 Nc6 10. a4 Bd7 11. Kh1 Rc8 12. Qe1 ({RR} 12. Bd3 e5 ({RR} 12... Qc7
13. Qe1 Nxd4 14. Bxd4 e5 15. Be3 exf4 16. Bxf4 Be6 17. e5 Ng4 18. exd6 Bxd6 19.
Qe4 g6 20. h3 Bxf4 21. Qxf4 Qxf4 22. Rxf4 Ne5 23. Be4 Rc7 24. Nd5 Bxd5 25. Bxd5
Rxc2 26. Re4 Nc6 27. Rf1 {Frolyanov,D (2564)-Lyanguzov,O (2311)/Kazan RUS 2009/
The Week in Chess 750/1/2-1/2 (71)}) 13. fxe5 Ng4 14. Bg1 Nxd4 15. Bxd4 dxe5
16. Bg1 Bc5 17. Bxc5 Rxc5 18. Qe1 Be6 19. b4 Rc8 20. a5 Qd4 21. Na4 Ne3 22. Rf2
f5 23. exf5 Bxf5 24. Bxf5 Nxf5 25. Re2 Ng3+ 26. hxg3 Rc6 {
Anand,V (2783)-Mamedyarov,S (2725)/Baku AZE 2009/The Week in Chess 757/1/2-1/2}
) 12... Nb4 13. Rd1 Qe8 14. Qd2 $146 ({RR} 14. Qg3 Rxc3 15. bxc3 Nxe4 16. Qf3 (
{RR} 16. Qe1 Nd5 17. Bd2 Qc8 18. c4 Nxd2 19. Qxd2 Nb6 20. Qb4 Nxa4 21. Rb1 Bf6
22. Rfd1 Qc5 23. Qxc5 dxc5 24. Nb3 Bc6 25. Rd2 Nc3 26. Rf1 Nxe2 27. Rxe2 b6 28.
Nd2 a5 29. Rb1 Rb8 30. Ne4 Bd4 {
Ganguly,S (2498)-Kunte,A (2479)/Nagpur 2002/CBM 086 ext/0-1 (51)}) 16... Nxc3
17. Qxb7 Nxd1 18. Bxd1 Nd5 19. Bd2 Qc8 20. Qb3 Qc5 21. Qd3 Rc8 22. a5 Bf6 23.
Nb3 Qb5 24. Be2 Qxd3 25. Bxd3 Nc7 26. Bb4 Be7 27. Nd2 Rb8 28. c3 Bb5 {
Frias Pablaza,V (2390)-Ree,H (2485)/Lone Pine 1981/MCL/1/2-1/2 (51)}) ({RR} 14.
Rc1 d5 15. exd5 Nbxd5 16. Nxd5 Nxd5 17. Bf3 Bxa4 18. f5 Bd7 19. fxe6 fxe6 20.
Bf2 Bg5 21. Rd1 b5 22. c3 Bf4 23. Qe4 Rf6 24. Rfe1 Qf7 {
1/2-1/2 Shamkovich,L (2515)-Liberzon,V (2545)/Biel 1980/EXT 1999}) 14... d5 15.
e5 Ne4 16. Nxe4 dxe4 17. b3 Nd5 18. c4 Bb4 19. Qc1 Ba3 20. Qd2 Bb4 21. Qc1 Ba3
22. Qd2 Bb4 1/2-1/2

[Event "?"]
[Site "Ciego de Avila"]
[Date "2010.01.20"]
[Round "8"]
[White "Perez Rodriguez, Luis Manuel"]
[Black "Corrales Jimenez, Fidel"]
[Result "0-1"]
[WhiteElo "2486"]
[BlackElo "2602"]
[PlyCount "86"]
[EventDate "2010.01.12"]
[EventCountry "CUB"]

1. e4 c5 2. Nf3 d6 3. d4 cxd4 4. Nxd4 Nf6 5. Nc3 g6 6. Be3 Bg7 7. f3 O-O 8. Bc4
Nc6 9. Qd2 Nd7 10. O-O-O Nb6 11. Bb3 Na5 12. Qd3 Bd7 13. h4 Nxb3+ ({RR} 13...
Rc8 14. h5 Nbc4 15. hxg6 hxg6 ({RR} 15... fxg6 16. Bh6 ({RR} 16. Kb1 Nxb3 17.
axb3 Nxe3 18. Qxe3 a6 19. f4 Rf7 20. e5 Bg4 21. Nf3 Qf8 22. Ng5 dxe5 23. Nxf7
exf4 24. Qe4 Qxf7 25. Qxb7 Rf8 26. Rde1 e5 27. Qxa6 Bf5 28. Ne4 Rc8 29. Rxh7
Qc7 30. Rxg7+ Kxg7 {
Gopal,G (2520)-Corrales Jimenez,F (2513)/Yerevan 2007/CBM 120 ext/1/2-1/2 (41)}
) 16... Bxh6+ 17. Rxh6 e5 18. Rdh1 Qg5+ 19. Kb1 exd4 20. Qxd4 Rf7 21. Nd5 Qe5
22. Qxe5 dxe5 23. Rxh7 Rxh7 24. Nf6+ Kg7 25. Rxh7+ Kxf6 26. Rxd7 Nb6 27. Rh7
Kg5 28. Be6 Re8 29. Bh3 {
1/2-1/2 Anastasijevic,M (1766)-Draskovic,L (1985)/Bari 2008/CBM 123 Extra}) 16.
Bg5 Nxb3+ 17. cxb3 Qa5 18. Bxe7 Ne5 19. Qd2 Rfe8 20. Bxd6 Qxa2 21. Nc2 Qxb3 22.
Bxe5 Bxe5 23. Qxd7 Bxc3 24. bxc3 Qxc3 25. Qd3 Qa1+ 26. Kd2 Qb2 27. Rb1 Rxc2+
28. Ke3 {Marjanovic,S (2515)-Sax,G (2550)/Sarajevo 1982/MCD/0-1 (62)}) 14. cxb3
Rc8 $146 ({RR} 14... a5 15. h5 a4 16. hxg6 fxg6 17. bxa4 Nxa4 18. Kb1 Qa5 19.
Qc4+ Rf7 20. Nxa4 b5 21. Qd5 Qxa4 22. Rc1 e6 23. Nxe6 Bxe6 24. Qxe6 Qb4 25.
Rc8+ Rxc8 26. Qxc8+ Rf8 27. Qe6+ Kh8 28. Bc1 Qc5 29. Qxg6 {
Strizak,N (2190)-Jovanovic,S (2110)/Cetinje 1991/EXT 1998/1-0 (35)}) 15. Kb1 f5
16. h5 fxe4 17. fxe4 Qe8 18. Ndb5 Bxc3 19. Nxc3 gxh5 20. Rdf1 Qg6 21. Bxb6 axb6
22. Nd5 Rxf1+ 23. Rxf1 Re8 24. Qf3 Qg7 25. Qxh5 Qxg2 26. Re1 Bc6 27. a4 Qg6 28.
Qd1 Kh8 29. Ka2 b5 30. a5 Qg7 31. Rg1 Qe5 32. Qd2 Qxe4 33. Qh6 Qd4 34. Rh1 Qg7
35. Qh5 Ra8 36. b4 e6 37. Nb6 Bxh1 38. Nxa8 Bd5+ 39. b3 Qc3 40. Qe8+ Kg7 41.
Qe7+ Kg6 42. Qe8+ Kg5 43. Qe7+ Kg4 0-1